000
00486nam a2200145Ia 4500
008
090124s9999 xx 000 0 und d
082
_b
134597
245
_a
आंधळे रंग पांगळ्या रेषा
250
_a
1
260
_b
किणीकर रॉय
_c
2007
300
_a
123
630
_a
आंधळे रंग पांगळ्या रेषा
730
_a
आंधळे रंग पांगळ्या रेषा
942
_c
BOOK
999
_c
193949
_d
193949